000 00359pam a2200145a 44500
008 230405s1994 xxu||||| |||| 00| 0 eng d
041 _aENG
100 _aHERREN RAY
245 _aTHE SCIENCE OF ANIMAL AGRICULTURE
250 _a1ST Ed.
260 _aNEW YORK
_bDELMAR
_c1994
300 _a335p.
440 _aGROLIER BOOK CO. AGRA, B-1666
906 _a1266
999 _c290144
_d290144